[Event "Havana Municipal-ch 12th"]
[Site "Havana"]
[Date "2009.09.28"]
[Round "10"]
[White "Cordero Leandro, Jorge Pablo"]
[Black "Carrasquillo Alonzo, Pedro"]
[Result "1-0"]
[WhiteElo "2064"]
[BlackElo "1852"]
[PlyCount "63"]
[EventDate "2009.09.15"]
[EventType "swiss"]
[EventRounds "11"]
[EventCountry "CUB"]
[EventCategory "1"]
[SourceTitle "EXT 2012"]
[Source "ChessBase"]
[SourceDate "2011.11.24"]
[SourceVersion "1"]
[SourceVersionDate "2011.11.24"]
[SourceQuality "1"]

1. e4 d6 2. d4 Nf6 3. Nc3 g6 4. f4 c5 5. d5 Bg7 6. Nf3 0-0 7. Bd3 Nbd7 8. 0-0 a6 9. a4 Rb8 10. a5 Qc7 11. Qe2 b5 12. axb6 Nxb6 13. Bc4 Nxc4 14. Qxc4 Rb4 15. Qe2 e6 16. Rd1 exd5 17. exd5 Re8 18. Qf1 Bb7 19. f5 Ne4 20. Nxe4 Rbxe4 21. fxg6 fxg6 22. Ra3 c4 23. Ng5 Re2 24. Ne6 R8xe6 25. dxe6 Rxg2+ 26. Qxg2 Bxg2 27. Kxg2 Qc6+ 28. Rf3 Qe4 29. Rxd6 Qxc2+ 30. Bd2 Bf8 31. Rd8 Kg7 32. Rf7+ 1-0

[Event "Havana Municipal-ch 12th"]
[Site "Havana"]
[Date "2009.09.22"]
[Round "7"]
[White "Cordero Leandro, Jorge Pablo"]
[Black "Madrazo Ponciano, Yandiel"]
[Result "0-1"]
[WhiteElo "2064"]
[BlackElo "2153"]
[PlyCount "68"]
[EventDate "2009.09.15"]
[EventType "swiss"]
[EventRounds "11"]
[EventCountry "CUB"]
[EventCategory "1"]
[SourceTitle "EXT 2012"]
[Source "ChessBase"]
[SourceDate "2011.11.24"]
[SourceVersion "1"]
[SourceVersionDate "2011.11.24"]
[SourceQuality "1"]

1. e4 e5 2. Nf3 Nc6 3. Bb5 a6 4. Bxc6 dxc6 5. b3 Bc5 6. Bb2 f6 7. d4 exd4 8. Nxd4 Qe7 9. 0-0 Bd7 10. Qe2 0-0-0 11. Nd2 Nh6 12. N2f3 Bg4 13. Rad1 Nf7 14. h3 h5 15. hxg4 hxg4 16. Nf5 Qe8 17. Rxd8+ Nxd8 18. N3d4 Qh5 19. f3 Ne6 20. Qe3 Qh2+ 21. Kf2 Nf4 22. Rg1 g6 23. Ng7 Rg8 24. fxg4 Rxg7 25. c3 Rh7 26. Kf1 Rh4 27. Qf3 f5 28. gxf5 Nh3 29. gxh3 Rf4 30. Rg2 Rxf3+ 31. Nxf3 Qf4 32. Re2 Qxf3+ 33. Ke1 gxf5 34. exf5 Qxf5 0-1